[Event "Arab Cities"]
[Site "Hammamet"]
[Date "2020.03.03"]
[Round "1.3"]
[White "Ezat, Mohamed Mahmoud"]
[Black "Abdelnabbi, Imed"]
[Result "0-1"]
[WhiteElo "2424"]
[BlackElo "2419"]
[PlyCount "50"]
[EventDate "2020.03.03"]
[EventType "team"]
[EventRounds "5"]
[EventCountry "TUN"]
[SourceTitle "CBM 195 Extra"]
[Source "ChessBase"]
[SourceDate "2020.05.31"]
[SourceVersion "1"]
[SourceVersionDate "2020.05.31"]
[SourceQuality "1"]
[WhiteTeam "Giza"]
[BlackTeam "Cairo"]
[WhiteTeamCountry "EGY"]
[BlackTeamCountry "EGY"]

1. d4 d5 2. c4 e6 3. Nc3 Bb4 4. e3 Nf6 5. a3 Bxc3+ 6. bxc3 0-0 7. cxd5 exd5 8. f3 Bf5 9. Bd3 Bxd3 10. Qxd3 c5 11. Ne2 Qa5 12. 0-0 Qa6 13. Qd2 Nc6 14. Ng3 Rfd8 15. Qf2 Qd3 16. Ra2 Rac8 17. dxc5 Ne5 18. e4 dxe4 19. fxe4 Nxe4 20. Nxe4 Qxe4 21. Rd2 Qc4 22. c6 b6 23. Rd4 Qxc6 24. Bf4 Ng6 25. Qg3 Qe6 0-1

[Event "WchT 11th"]
[Site "Khanty-Mansiysk"]
[Date "2017.06.24"]
[Round "7.4"]
[White "Fedorov, Alexei"]
[Black "Abdelnabbi, Imed"]
[Result "1-0"]
[WhiteElo "2598"]
[BlackElo "2428"]
[PlyCount "63"]
[EventDate "2017.06.17"]
[EventType "team-tourn"]
[EventRounds "9"]
[EventCountry "RUS"]
[SourceTitle "CBM 179"]
[Source "ChessBase"]
[SourceDate "2017.07.12"]
[SourceVersion "1"]
[SourceVersionDate "2017.07.12"]
[SourceQuality "1"]
[WhiteTeam "Belarus"]
[BlackTeam "Egypt"]
[WhiteTeamCountry "BLR"]
[BlackTeamCountry "EGY"]

1. e4 e5 2. Nf3 Nc6 3. Bc4 Bc5 4. c3 Nf6 5. d3 d6 6. b4 Bb6 7. a4 a6 8. 0-0 Qe7 9. Na3 a5 10. b5 Nb8 11. Ba2 Be6 12. Nc4 Nbd7 13. Ng5 Bxc4 14. Bxc4 0-0 15. Ra2 c6 16. Re2 d5 17. exd5 cxd5 18. Ba2 Rac8 19. d4 e4 20. Qb3 Bc7 21. f3 Qd6 22. g3 exf3 23. Rxf3 Rfe8 24. Ba3 Qb6 25. Ref2 Re1+ 26. Kg2 Bd6 27. Rxf6 Nxf6 28. Rxf6 gxf6 29. Qxd5 Re6 30. Nxe6 Bxa3 31. Qf5 Bf8 32. Bb1 1-0

[Event "WchT 11th"]
[Site "Khanty-Mansiysk"]
[Date "2017.06.20"]
[Round "4.3"]
[White "Li, Chao B"]
[Black "Abdelnabbi, Imed"]
[Result "1-0"]
[WhiteElo "2720"]
[BlackElo "2428"]
[PlyCount "61"]
[EventDate "2017.06.17"]
[EventType "team-tourn"]
[EventRounds "9"]
[EventCountry "RUS"]
[SourceTitle "CBM 179"]
[Source "ChessBase"]
[SourceDate "2017.07.12"]
[SourceVersion "1"]
[SourceVersionDate "2017.07.12"]
[SourceQuality "1"]
[WhiteTeam "China"]
[BlackTeam "Egypt"]
[WhiteTeamCountry "CHN"]
[BlackTeamCountry "EGY"]

1. Nf3 Nf6 2. g3 b5 3. e3 a6 4. Bg2 Bb7 5. 0-0 e6 6. b3 Be7 7. Bb2 0-0 8. c4 d5 9. d4 dxc4 10. bxc4 bxc4 11. Nbd2 Bd5 12. Qe2 c5 13. e4 Bb7 14. Rfd1 Nbd7 15. Rac1 a5 16. Nxc4 Bxe4 17. dxc5 Bd5 18. c6 Bxc6 19. Bxf6 Bxf6 20. Nfe5 Bxg2 21. Nxd7 Bd5 22. Nxf8 Kxf8 23. Ne3 Bg5 24. Nxd5 Bxc1 25. Nc3 Qg5 26. Ne4 Qh6 27. Qf3 f5 28. Nc5 Re8 29. Nd7+ Kg8 30. Qc6 Rd8 31. Rxc1 1-0

[Event "WchT 11th"]
[Site "Khanty-Mansiysk"]
[Date "2017.06.19"]
[Round "3.3"]
[White "Abdelnabbi, Imed"]
[Black "Piorun, Kacper"]
[Result "1/2-1/2"]
[WhiteElo "2428"]
[BlackElo "2631"]
[PlyCount "57"]
[EventDate "2017.06.17"]
[EventType "team-tourn"]
[EventRounds "9"]
[EventCountry "RUS"]
[SourceTitle "CBM 179"]
[Source "ChessBase"]
[SourceDate "2017.07.12"]
[SourceVersion "1"]
[SourceVersionDate "2017.07.12"]
[SourceQuality "1"]
[WhiteTeam "Egypt"]
[BlackTeam "Poland"]
[WhiteTeamCountry "EGY"]
[BlackTeamCountry "POL"]

1. e4 c5 2. Nf3 e6 3. Nc3 Nc6 4. d4 cxd4 5. Nxd4 d6 6. Be3 Nge7 7. Nb3 Ng6 8. f4 a6 9. Na4 b5 10. Nb6 Rb8 11. Nxc8 Qxc8 12. Be2 Be7 13. 0-0 0-0 14. c3 Rd8 15. Bd3 Bf6 16. Qe2 Qc7 17. g3 Nf8 18. Rac1 Qb7 19. c4 Nb4 20. Bb1 bxc4 21. Rxc4 d5 22. exd5 Nxd5 23. Bf2 Qb5 24. Re4 a5 25. Qxb5 Rxb5 26. Bd4 Be7 27. Bf2 Bf6 28. Bd4 Be7 29. Bf2 1/2-1/2

[Event "EGY-chT"]
[Site "Egypt"]
[Date "2016.05.09"]
[Round "5.3"]
[White "Abdelnabbi, Imed"]
[Black "Hamdy, Mohamed"]
[Result "1-0"]
[WhiteElo "2407"]
[BlackElo "2087"]
[PlyCount "90"]
[EventDate "2016.05.05"]
[EventType "team-tourn"]
[EventRounds "9"]
[EventCountry "EGY"]
[SourceTitle "CBM 172 Extra"]
[Source "ChessBase"]
[SourceDate "2016.06.21"]
[SourceVersion "1"]
[SourceVersionDate "2016.06.21"]
[SourceQuality "1"]
[WhiteTeam "Sharkia Dokhan"]
[BlackTeam "Kanal Suez"]
[WhiteTeamCountry "EGY"]
[BlackTeamCountry "EGY"]

1. d4 d5 2. Nf3 c6 3. c4 e6 4. Qc2 f5 5. Bf4 Bd6 6. e3 Nf6 7. Bd3 0-0 8. 0-0 Bxf4 9. exf4 dxc4 10. Bxc4 Nd5 11. g3 Qd6 12. Nbd2 Nd7 13. Rfe1 N7f6 14. Bb3 Bd7 15. Nc4 Qc7 16. Nfe5 Rfe8 17. Ne3 Rac8 18. Rac1 Nxe3 19. Rxe3 Nd5 20. Re2 Qd6 21. Rce1 Rc7 22. Qc5 Qxc5 23. dxc5 Bc8 24. a3 g6 25. Bc4 Kg7 26. b4 a6 27. Rb2 h6 28. h4 Kf6 29. a4 g5 30. fxg5+ hxg5 31. hxg5+ Kxg5 32. f4+ Kf6 33. Bxd5 exd5 34. b5 axb5 35. axb5 cxb5 36. Rxb5 Re6 37. Reb1 Rd7 38. R5b4 d4 39. Rd1 Rxe5 40. fxe5+ Kxe5 41. Kf2 Rd5 42. Re1+ Kf6 43. Rb6+ Kf7 44. Rd6 Rxc5 45. Rxd4 Be6 1-0

[Event "Africa-ch"]
[Site "Cairo"]
[Date "2015.05.03"]
[Round "3"]
[White "Ameir, Moheb"]
[Black "Abdelnabbi, Imed"]
[Result "1-0"]
[WhiteElo "2290"]
[BlackElo "2421"]
[PlyCount "83"]
[EventDate "2015.05.02"]
[EventType "swiss"]
[EventRounds "9"]
[EventCountry "EGY"]
[SourceTitle "CBM 166 Extra"]
[Source "ChessBase"]
[SourceDate "2015.06.18"]
[SourceVersion "1"]
[SourceVersionDate "2015.06.18"]
[SourceQuality "1"]

1. e4 e5 2. Nf3 Nc6 3. Bb5 a6 4. Ba4 Nf6 5. 0-0 Be7 6. d3 b5 7. Bb3 d6 8. a3 0-0 9. Nc3 Bg4 10. Be3 Qd7 11. h3 Bh5 12. Nd5 Kh8 13. Nxf6 Bxf6 14. Nxe5 Bxe5 15. Qxh5 Bxb2 16. Ra2 Bc3 17. Bd5 Rab8 18. Qg4 Qe8 19. Qd1 Nd4 20. Bb3 f5 21. exf5 Nxf5 22. Bd2 Bxd2 23. Qxd2 Nd4 24. Raa1 Ne2+ 25. Kh1 Nf4 26. Rae1 Qg6 27. Rg1 d5 28. d4 Rb6 29. Re3 Rbf6 30. c3 Qf7 31. Rf3 Qe7 32. a4 c6 33. axb5 axb5 34. Re1 Qf7 35. Bd1 Nh5 36. Rxf6 Nxf6 37. Bc2 Re8 38. Re5 Ra8 39. Qe1 Qa7 40. Kh2 Qc7 41. g3 h6 42. Bg6 1-0

[Event "Africa-ch qual"]
[Site "Cairo"]
[Date "2015.04.28"]
[Round "4"]
[White "Abdelnabbi, Imed"]
[Black "Ameir, Moheb"]
[Result "1/2-1/2"]
[WhiteElo "2433"]
[BlackElo "2290"]
[PlyCount "140"]
[EventDate "2015.04.24"]
[EventType "tourn"]
[EventRounds "5"]
[EventCountry "EGY"]
[EventCategory "5"]
[SourceTitle "CBM 166 Extra"]
[Source "ChessBase"]
[SourceDate "2015.06.18"]
[SourceVersion "1"]
[SourceVersionDate "2015.06.18"]
[SourceQuality "1"]

1. e4 e5 2. Nf3 Nc6 3. Bb5 a6 4. Bxc6 dxc6 5. 0-0 Qd6 6. Na3 Be6 7. Qe2 f6 8. Rd1 c5 9. c3 0-0-0 10. d4 exd4 11. cxd4 cxd4 12. Rxd4 Qe7 13. Bf4 g5 14. Bg3 h5 15. Rc1 c5 16. b4 Rxd4 17. Nxd4 Qd7 18. Nxe6 Qxe6 19. bxc5 h4 20. Bd6 Bxd6 21. cxd6+ Kb8 22. Nc4 Nh6 23. Rb1 Rh7 24. Qd3 Rd7 25. a4 Nf7 26. Rd1 Ne5 27. Nxe5 Qxe5 28. g3 h3 29. Qd5 Qxd5 30. Rxd5 Kc8 31. Kf1 b6 32. f4 gxf4 33. gxf4 Rg7 34. Rf5 Rg6 35. e5 Kd7 36. Rh5 fxe5 37. fxe5 Ke6 38. Rh8 Rg7 39. Re8+ Kd7 40. Ra8 Ke6 41. Rxa6 Kxe5 42. Rxb6 Rf7+ 43. Ke2 Ra7 44. Rb4 Kxd6 45. Kf3 Rc7 46. Rb3 Rc2 47. Kg3 Ra2 48. Rb4 Ra3+ 49. Kg4 Ke6 50. Rb6+ Ke7 51. Ra6 Kf7 52. Ra8 Kf6 53. a5 Kg7 54. a6 Kh7 55. Ra7+ Kg6 56. Kh4 Kh6 57. Ra8 Kg7 58. Kg5 Ra5+ 59. Kf4 Kh7 60. Kg4 Ra3 61. Ra7+ Kg6 62. Ra8 Kg7 63. a7 Kh7 64. Kf5 Kg7 65. Ke6 Ra1 66. Kd5 Kh7 67. Kc4 Kg7 68. Kc3 Kh7 69. Kd2 Kg7 70. Ke2 Ra3 1/2-1/2

[Event "Africa-ch qual"]
[Site "Cairo"]
[Date "2015.04.26"]
[Round "2"]
[White "Abdelnabbi, Imed"]
[Black "Abdel Razik, Khaled"]
[Result "0-1"]
[WhiteElo "2433"]
[BlackElo "2430"]
[PlyCount "76"]
[EventDate "2015.04.24"]
[EventType "tourn"]
[EventRounds "5"]
[EventCountry "EGY"]
[EventCategory "5"]
[SourceTitle "CBM 166 Extra"]
[Source "ChessBase"]
[SourceDate "2015.06.18"]
[SourceVersion "1"]
[SourceVersionDate "2015.06.18"]
[SourceQuality "1"]

1. e4 e6 2. d4 d5 3. Nd2 Ne7 4. c3 Nd7 5. e5 c5 6. Bd3 g6 7. f4 Rb8 8. Ndf3 b5 9. Ne2 b4 10. 0-0 Qb6 11. Be3 Nf5 12. Bf2 h5 13. h3 Ba6 14. g4 Bxd3 15. Qxd3 c4 16. Qd1 hxg4 17. hxg4 Nh6 18. Nh2 a5 19. Kg2 Be7 20. Rh1 Kd8 21. Nf1 Kc7 22. Ne3 bxc3 23. bxc3 Qc6 24. Qc2 g5 25. Bg3 Nc5 26. Rab1 Rxb1 27. Rxb1 gxf4 28. Nxf4 Ne4 29. Nh3 Nf5 30. gxf5 Rg8 31. f6 Rxg3+ 32. Kh2 Ba3 33. Nf1 Rxc3 34. Qg2 Qa4 35. Qg8 Qc2+ 36. Kg1 Qxb1 37. Qxf7+ Kb8 38. Qe8+ Ka7 0-1

[Event "Africa-ch qual"]
[Site "Cairo"]
[Date "2015.04.25"]
[Round "1"]
[White "Abdelnabbi, Imed"]
[Black "Sarwat, Walaa"]
[Result "1-0"]
[WhiteElo "2433"]
[BlackElo "2354"]
[PlyCount "109"]
[EventDate "2015.04.24"]
[EventType "tourn"]
[EventRounds "5"]
[EventCountry "EGY"]
[EventCategory "5"]
[SourceTitle "CBM 166 Extra"]
[Source "ChessBase"]
[SourceDate "2015.06.18"]
[SourceVersion "1"]
[SourceVersionDate "2015.06.18"]
[SourceQuality "1"]

1. d4 d5 2. c4 c6 3. Nc3 Nf6 4. cxd5 cxd5 5. Bf4 Nc6 6. e3 g6 7. Bd3 Bg7 8. h3 0-0 9. Nf3 Nd7 10. 0-0 e5 11. dxe5 Ndxe5 12. Nxe5 Nxe5 13. Be2 Be6 14. Nb5 Qb6 15. b3 a6 16. Nd4 Nc6 17. Nxe6 fxe6 18. Rc1 Rad8 19. Qc2 e5 20. Bg5 Rd6 21. Qc5 Qxc5 22. Rxc5 h6 23. Bh4 g5 24. Bg3 d4 25. exd4 Nxd4 26. Bc4+ Kh8 27. Bxe5 Bxe5 28. Rxe5 b5 29. Bd5 Rfd8 30. Be4 Ne2+ 31. Kh2 Nc3 32. a3 Rd1 33. Rxd1 Rxd1 34. Bb7 a5 35. Rc5 b4 36. Rxa5 bxa3 37. Rxa3 Rb1 38. Bf3 Rb2 39. Kg3 Nb1 40. Ra6 Kg7 41. Ra7+ Kh8 42. Rb7 Nd2 43. b4 Kg8 44. Bd5+ Kf8 45. b5 h5 46. b6 Rb4 47. f3 Rb2 48. f4 Nf1+ 49. Kf3 Nd2+ 50. Ke3 Nf1+ 51. Kd4 gxf4 52. Rf7+ Ke8 53. Rxf4 Ng3 54. Kc5 Ne2 55. Rf2 1-0

[Event "Dubai op 17th"]
[Site "Dubai"]
[Date "2015.04.08"]
[Round "3"]
[White "Makropoulou, Marina"]
[Black "Abdelnabbi, Imed"]
[Result "0-1"]
[WhiteElo "2154"]
[BlackElo "2433"]
[PlyCount "84"]
[EventDate "2015.04.06"]
[EventType "swiss"]
[EventRounds "9"]
[EventCountry "UAE"]
[SourceTitle "CBM 165 Extra"]
[Source "ChessBase"]
[SourceDate "2015.04.21"]
[SourceVersion "1"]
[SourceVersionDate "2015.04.21"]
[SourceQuality "1"]

1. e4 c5 2. Nf3 Nc6 3. d4 cxd4 4. Nxd4 g6 5. Nc3 Bg7 6. Be3 Nf6 7. Nxc6 bxc6 8. e5 Ng8 9. f4 Nh6 10. Be2 d6 11. 0-0 Nf5 12. Bf2 dxe5 13. Qxd8+ Kxd8 14. fxe5 Bxe5 15. Rad1+ Kc7 16. g4 Nd6 17. Bd4 Bxd4+ 18. Rxd4 f5 19. gxf5 Bxf5 20. Bd3 e5 21. Rh4 Bxd3 22. cxd3 Nf5 23. Rc4 Rad8 24. Rc5 Rhe8 25. Re1 Rxd3 26. Rcxe5 Rxe5 27. Rxe5 Rd2 28. Re8 Rxb2 29. Rh8 h5 30. Rh7+ Kb8 31. Rh8+ Kb7 32. Rg8 Nh4 33. h3 Rc2 34. Ne4 Rxa2 35. Nd6+ Kc7 36. Nc4 Nf3+ 37. Kf1 Nd2+ 38. Nxd2 Rxd2 39. Rxg6 a5 40. Ke1 Rd5 41. Rg3 a4 42. Ra3 Rd4 0-1

[Event "EGY-chT 1011"]
[Site "Egypt"]
[Date "2011.04.01"]
[Round "13.4"]
[White "Labib, Ibrahim Hasan"]
[Black "Abdelnabbi, Imed"]
[Result "1/2-1/2"]
[WhiteElo "2410"]
[BlackElo "2415"]
[PlyCount "91"]
[EventDate "2010.09.24"]
[EventType "team"]
[EventRounds "22"]
[EventCountry "EGY"]
[SourceTitle "EXT 2013"]
[Source "ChessBase"]
[SourceDate "2012.11.22"]
[SourceVersion "1"]
[SourceVersionDate "2012.11.22"]
[SourceQuality "1"]
[WhiteTeam "El Dakhlia"]
[BlackTeam "Sharkia Dokhan"]
[WhiteTeamCountry "EGY"]
[BlackTeamCountry "EGY"]

1. e4 e5 2. Nf3 Nc6 3. Bb5 Nf6 4. 0-0 Nxe4 5. d4 Nd6 6. Bxc6 bxc6 7. dxe5 Nb7 8. b3 Be7 9. Nd4 0-0 10. Qe2 Re8 11. Rd1 Bc5 12. Bb2 Qg5 13. Nd2 Rxe5 14. Qd3 Qg6 15. Nc4 Qxd3 16. Rxd3 Bxd4 17. Bxd4 Re6 18. Rg3 f6 19. f4 Kf7 20. f5 Re4 21. Re3 Rxe3 22. Nxe3 d6 23. g4 Bd7 24. Kf2 c5 25. Bc3 Bc6 26. Rd1 h5 27. h3 hxg4 28. hxg4 Rh8 29. Kg3 Re8 30. Kf2 Re4 31. Rg1 Rf4+ 32. Ke1 d5 33. Bd2 d4 34. Nc4 Re4+ 35. Kf2 Bb5 36. Kf3 Re8 37. Bf4 Re7 38. g5 fxg5 39. Ne5+ Ke8 40. Rxg5 Kd8 41. Rg6 Kc8 42. Nc6 Bxc6+ 43. Rxc6 Rd7 44. Kg4 Nd6 45. Bxd6 Rxd6 46. Rxc5 1/2-1/2

[Event "WchT 7th"]
[Site "Bursa"]
[Date "2010.01.12"]
[Round "8.3"]
[White "Malakhov, Vladimir"]
[Black "Abdelnabbi, Imed"]
[Result "1-0"]
[WhiteElo "2716"]
[BlackElo "2448"]
[PlyCount "101"]
[EventDate "2010.01.05"]
[EventType "team-tourn"]
[EventRounds "9"]
[EventCountry "TUR"]
[SourceTitle "CBM 134"]
[Source "ChessBase"]
[SourceDate "2010.01.18"]
[SourceVersion "1"]
[SourceVersionDate "2010.01.18"]
[SourceQuality "1"]
[WhiteTeam "Russia"]
[BlackTeam "Egypt"]
[WhiteTeamCountry "RUS"]
[BlackTeamCountry "EGY"]

1. d4 e6 2. c4 Bb4+ 3. Bd2 Bxd2+ 4. Qxd2 d6 5. Nc3 Nf6 6. Nf3 Nbd7 7. g3 0-0 8. Bg2 Qe7 9. 0-0 Re8 10. Nh4 a6 11. e4 Rb8 12. a4 Nf8 13. b4 Ng6 14. Nf3 e5 15. d5 a5 16. bxa5 Nd7 17. Ne1 Nc5 18. Ra3 Ra8 19. Nb5 Rd8 20. Nd3 c6 21. Nxc5 dxc5 22. Nc3 Qc7 23. Ne2 Rxa5 24. Nc1 b5 25. Qe3 bxc4 26. Ne2 cxd5 27. exd5 Bd7 28. Nc3 Rb8 29. Qd2 Ra6 30. Rc1 Rb3 31. Ra2 Rb4 32. Bf1 Qa7 33. Qe3 f6 34. Rd2 Ne7 35. Ne4 Ra5 36. Rxc4 Nf5 37. Qc3 Rxc4 38. Qxc4 Nd4 39. Rb2 Bxa4 40. Nd6 h5 41. Nb7 Rb5 42. d6+ Kh7 43. Bd3+ f5 44. d7 Qxb7 45. Bxf5+ Kh6 46. d8Q Nf3+ 47. Kh1 Nd4+ 48. Qcd5 Qxd5+ 49. Qxd5 Rxb2 50. Qd6+ Kg5 51. Qg6# 1-0

[Event "Africa-ch"]
[Site "Tripoli"]
[Date "2009.07.28"]
[Round "7"]
[White "Abdelnabbi, Imed"]
[Black "Haddouche, Mohamed Amine"]
[Result "1/2-1/2"]
[WhiteElo "2452"]
[BlackElo "2329"]
[PlyCount "92"]
[EventDate "2009.07.21"]
[EventType "swiss"]
[EventRounds "9"]
[EventCountry "LBY"]
[SourceTitle "CBM 131 Extra"]
[Source "ChessBase"]
[SourceDate "2009.09.03"]
[SourceVersion "2"]
[SourceVersionDate "2009.09.16"]
[SourceQuality "1"]

1. Nf3 Nf6 2. c4 g6 3. Nc3 Bg7 4. e4 d6 5. d4 0-0 6. Be2 Nbd7 7. 0-0 e5 8. Re1 Re8 9. Bf1 c6 10. d5 c5 11. a3 Rf8 12. Rb1 Ne8 13. b4 h6 14. g3 b6 15. Bd2 Qe7 16. Qc2 Ndf6 17. h3 Nh7 18. Qc1 h5 19. Bg2 Bd7 20. bxc5 dxc5 21. Nb5 Nd6 22. Nxd6 Qxd6 23. Bc3 Ba4 24. Re2 Rae8 25. Qb2 Re7 26. Rbe1 Rfe8 27. Nd2 h4 28. gxh4 Bh6 29. Nf3 Bf4 30. Bd2 Bxd2 31. Qxd2 Nf6 32. Qh6 Nh5 33. Ng5 Qf6 34. Qh7+ Kf8 35. Qh6+ Qg7 36. Qxg7+ Kxg7 37. Rd2 Nf4 38. Bf1 Rd7 39. Re3 f6 40. Nf3 Rh8 41. Kh2 Kf7 42. Kg3 Rdd8 43. Ng1 Nh5+ 44. Kh2 Nf4 45. Kg3 Nh5+ 46. Kh2 Nf4 1/2-1/2

[Event "Africa-ch"]
[Site "Tripoli"]
[Date "2009.07.25"]
[Round "5"]
[White "Abdelnabbi, Imed"]
[Black "Ezat, Mohamed Mahmoud"]
[Result "1/2-1/2"]
[WhiteElo "2452"]
[BlackElo "2459"]
[PlyCount "150"]
[EventDate "2009.07.21"]
[EventType "swiss"]
[EventRounds "9"]
[EventCountry "LBY"]
[SourceTitle "CBM 131 Extra"]
[Source "ChessBase"]
[SourceDate "2009.09.03"]
[SourceVersion "2"]
[SourceVersionDate "2009.09.16"]
[SourceQuality "1"]

1. e4 c6 2. d4 d5 3. Nd2 dxe4 4. Nxe4 Nd7 5. Ng5 Ngf6 6. Bd3 e6 7. N1f3 Bd6 8. Qe2 h6 9. Ne4 Nxe4 10. Qxe4 Nf6 11. Qe2 Qc7 12. Bd2 b6 13. 0-0-0 Bb7 14. Kb1 0-0-0 15. Ba6 Bxa6 16. Qxa6+ Kb8 17. Qe2 Rd7 18. c4 Rhd8 19. Bc3 Qb7 20. b3 c5 21. d5 Bc7 22. dxe6 Rxd1+ 23. Rxd1 Rxd1+ 24. Qxd1 Qe4+ 25. Kb2 Qxe6 26. Qe1 Qxe1 27. Bxe1 Ng4 28. h3 Ne5 29. Nxe5 Bxe5+ 30. Kc2 Kc7 31. Kd3 Kd6 32. Bd2 Ke6 33. g4 f5 34. f3 Bg3 35. a3 Kf6 36. b4 cxb4 37. axb4 Ke6 38. gxf5+ Kxf5 39. Kd4 Ke6 40. Ke4 Bd6 41. b5 h5 42. Be3 g6 43. Bf2 Be7 44. Bg3 Bd6 45. Bh4 Bc5 46. Bg5 Bg1 47. Be3 Bh2 48. Bf2 Bd6 49. Bd4 Bc7 50. Bc3 Bd6 51. Bd2 Bb8 52. Bb4 Bd6 53. Bd2 Bb8 54. Bb4 Bd6 55. Bd2 Bb8 56. Bb4 Bd6 57. Bd2 Bb8 58. Be3 Bc7 59. Bd4 Bd6 60. Bg7 Bc7 61. f4 Bb8 62. Bd4 Bd6 63. Bc3 Bc7 64. Bb4 Bd6 65. Be1 Bc5 66. Bc3 Bd6 67. Bd4 Bc7 68. c5 bxc5 69. Bxc5 Bb6 70. Bb4 Bf2 71. Bc3 Bc5 72. Be5 Bb6 73. Bb8 Bc5 74. Bc7 Bg1 75. Be5 Bb6 1/2-1/2

[Event "Africa-ch"]
[Site "Windhoek"]
[Date "2007.09.02"]
[Round "2"]
[White "Abdelnabbi, Imed"]
[Black "Aderito, Pedro"]
[Result "0-1"]
[WhiteElo "2484"]
[BlackElo "2305"]
[PlyCount "47"]
[EventDate "2007.09.01"]
[EventType "swiss"]
[EventRounds "9"]
[EventCountry "NAM"]
[SourceTitle "CBM 120 Extra"]
[Source "ChessBase"]
[SourceDate "2007.11.01"]
[SourceVersion "1"]
[SourceVersionDate "2007.11.01"]
[SourceQuality "1"]

1. Nf3 Nf6 2. c4 e6 3. g3 b6 4. Bg2 Bb7 5. d4 d5 6. Qa4+ c6 7. 0-0 Be7 8. Nc3 0-0 9. Ne5 a6 10. Rd1 b5 11. Qb3 Nbd7 12. a4 b4 13. Na2 Nxe5 14. dxe5 Nd7 15. cxd5 cxd5 16. Be3 a5 17. Bd4 Bc5 18. Qe3 Qb6 19. Nc1 Bxd4 20. Rxd4 Rac8 21. Nb3 Rc2 22. Rb1 Ba6 23. Bf3 Bc4 24. Na1 0-1

[Event "Arab Cities-chT 5th"]
[Site "Beirut"]
[Date "2007.04.10"]
[Round "4"]
[White "Abdelnabbi, Imed"]
[Black "Maasarani, Mahmoud"]
[Result "1-0"]
[WhiteElo "2467"]
[BlackElo "2145"]
[PlyCount "103"]
[EventDate "2007.04.08"]
[EventType "team"]
[EventRounds "9"]
[EventCountry "LBN"]
[SourceTitle "CBM 117 Extra"]
[Source "ChessBase"]
[SourceDate "2007.05.09"]
[SourceVersion "1"]
[SourceVersionDate "2007.05.09"]
[SourceQuality "1"]

1. e4 Nc6 2. Nf3 g6 3. d4 Bg7 4. Be2 d6 5. d5 Ne5 6. Nxe5 Bxe5 7. 0-0 Bg7 8. c4 Nf6 9. Nc3 0-0 10. Be3 e5 11. c5 Ne8 12. Rc1 a6 13. b4 f5 14. f3 f4 15. Bf2 g5 16. Na4 h5 17. cxd6 Nxd6 18. Nc5 Rf6 19. Qc2 Rg6 20. Ne6 Bxe6 21. dxe6 Qe7 22. Qxc7 Qxe6 23. Rfd1 Kh8 24. Bc4 Nxc4 25. Qxc4 Qxc4 26. Rxc4 g4 27. Kf1 g3 28. hxg3 fxg3 29. Be3 Rf8 30. Ke2 Bh6 31. Rc5 Bxe3 32. Kxe3 Re8 33. Rdd5 Rge6 34. Rd7 b5 35. Rcc7 Rh6 36. Re7 Rg8 37. Rxe5 h4 38. Rc1 h3 39. gxh3 Rxh3 40. Rcc5 Kh7 41. Rh5+ Rxh5 42. Rxh5+ Kg6 43. Rh4 Kf6 44. Rh1 Kg5 45. e5 Rc8 46. Rh7 Rc3+ 47. Ke4 Rc4+ 48. Kd5 Rxb4 49. Rg7+ Kf4 50. Rg4+ Kxf3 51. Rxb4 g2 52. Rb1 1-0

[Event "Olympiad-37"]
[Site "Turin"]
[Date "2006.05.28"]
[Round "7"]
[White "Abdelnabbi, Imed"]
[Black "Odeev, Handszar"]
[Result "1/2-1/2"]
[WhiteElo "2460"]
[BlackElo "2492"]
[PlyCount "66"]
[EventDate "2006.05.21"]
[EventType "team-swiss"]
[EventRounds "13"]
[EventCountry "ITA"]
[SourceTitle "CBM 113"]
[Source "ChessBase"]
[SourceDate "2006.07.31"]
[SourceVersion "1"]
[SourceVersionDate "2006.07.31"]
[SourceQuality "1"]
[WhiteTeam "Egypt"]
[BlackTeam "Turkmenistan"]
[WhiteTeamCountry "EGY"]
[BlackTeamCountry "TKM"]

1. g3 Nf6 2. Bg2 e5 3. Nf3 e4 4. Nd4 Bc5 5. Nb3 Bb6 6. c4 Qe7 7. Nc3 0-0 8. 0-0 c6 9. d4 d5 10. cxd5 cxd5 11. Bg5 Be6 12. Na4 Nbd7 13. Nxb6 axb6 14. a3 Rfc8 15. Nc1 Rc4 16. Na2 h6 17. Bxf6 Nxf6 18. e3 h5 19. h3 Qd7 20. Kh2 Qd6 21. Rg1 h4 22. Bf1 Rcc8 23. Be2 g6 24. Kg2 hxg3 25. fxg3 Kg7 26. Rh1 Rh8 27. Qe1 g5 28. Qf2 Rh6 29. g4 Rah8 30. Raf1 Qc7 31. Rc1 Qd6 32. Rcf1 Qc7 33. Rc1 Qd6 1/2-1/2

[Event "Ismailia Misr 2nd"]
[Site "Ismailia"]
[Date "2004.08.24"]
[Round "10"]
[White "Grigoriants, Sergey"]
[Black "Abdelnabbi, Imed"]
[Result "1/2-1/2"]
[WhiteElo "2530"]
[BlackElo "2479"]
[PlyCount "63"]
[EventDate "2004.08.16"]
[EventType "tourn"]
[EventRounds "11"]
[EventCountry "EGY"]
[EventCategory "10"]
[SourceTitle "CBM 103"]
[Source "ChessBase"]
[SourceDate "2004.11.11"]
[SourceVersion "1"]
[SourceVersionDate "2004.11.11"]
[SourceQuality "1"]

1. d4 Nf6 2. c4 e6 3. Nc3 d5 4. cxd5 exd5 5. Bg5 c6 6. e3 Be7 7. Bd3 Nbd7 8. Nf3 0-0 9. Qc2 Re8 10. h3 Nf8 11. Bf4 a5 12. 0-0 Nh5 13. Bh2 g6 14. Ne5 Ng7 15. Rae1 Bd6 16. Qb3 f6 17. Nf3 Bxh2+ 18. Nxh2 Kh8 19. Na4 Rb8 20. Qb6 Bf5 21. Be2 Qxb6 22. Nxb6 Nd7 23. Nxd7 Bxd7 24. Rc1 Re7 25. Rc3 Nf5 26. Nf3 Rbe8 27. Rfc1 Nd6 28. Nd2 Ra8 29. g4 g5 30. Bd3 Kg7 31. Kg2 h5 32. gxh5 1/2-1/2

[Event "Ismailia Misr 2nd"]
[Site "Ismailia"]
[Date "2004.08.22"]
[Round "7"]
[White "Komarov, Dimitri"]
[Black "Abdelnabbi, Imed"]
[Result "1-0"]
[WhiteElo "2567"]
[BlackElo "2479"]
[PlyCount "63"]
[EventDate "2004.08.16"]
[EventType "tourn"]
[EventRounds "11"]
[EventCountry "EGY"]
[EventCategory "10"]
[SourceTitle "CBM 103"]
[Source "ChessBase"]
[SourceDate "2004.11.11"]
[SourceVersion "1"]
[SourceVersionDate "2004.11.11"]
[SourceQuality "1"]

1. d4 Nf6 2. Nf3 g6 3. c4 d6 4. Nc3 Bf5 5. Bg5 Bg7 6. e3 h6 7. Bh4 Nbd7 8. Be2 g5 9. Bg3 Nh5 10. 0-0 c5 11. Nxg5 Nxg3 12. fxg3 hxg5 13. Rxf5 cxd4 14. exd4 Qb6 15. Kh1 Qxd4 16. Qxd4 Bxd4 17. Nb5 Bb6 18. Rxg5 Rc8 19. Rd1 Nf6 20. Nc3 Kd7 21. h3 e6 22. Rb5 Kc7 23. Rb3 a6 24. Bf3 Rb8 25. g4 Nd7 26. Na4 Ba7 27. Rbd3 Nc5 28. Nxc5 Bxc5 29. a3 Rbd8 30. b4 Ba7 31. b5 axb5 32. cxb5 1-0

[Event "Ismailia Misr 2nd"]
[Site "Ismailia"]
[Date "2004.08.19"]
[Round "5"]
[White "Ezat, Mohamed Mahmoud"]
[Black "Abdelnabbi, Imed"]
[Result "1/2-1/2"]
[WhiteElo "2395"]
[BlackElo "2479"]
[PlyCount "36"]
[EventDate "2004.08.16"]
[EventType "tourn"]
[EventRounds "11"]
[EventCountry "EGY"]
[EventCategory "10"]
[SourceTitle "CBM 103"]
[Source "ChessBase"]
[SourceDate "2004.11.11"]
[SourceVersion "1"]
[SourceVersionDate "2004.11.11"]
[SourceQuality "1"]

1. d4 d5 2. c4 dxc4 3. Nf3 Nf6 4. Nc3 e6 5. e4 Bb4 6. e5 Nd5 7. Bd2 Bxc3 8. bxc3 b5 9. a4 Bb7 10. axb5 Nb6 11. Be2 Qd5 12. Rb1 c6 13. bxc6 Nxc6 14. Ng5 Na5 15. Bf3 Qd7 16. Ne4 0-0 17. 0-0 Nb3 18. Bc1 Nxc1 1/2-1/2